Hottest African Nations by Average Temperature - Statistics

General Stats
  • This quiz has been taken 29 times
  • The average score is 7 of 10
Answer Stats
Hint Answer % Correct
28.25°C Mali
88%
28.25°C Burkina Faso
80%
27.65°C Mauritania
80%
27.85°C Senegal
80%
27.5°C Gambia
72%
27.55°C Benin
68%
27.2°C Ghana
68%
27.15°C Togo
64%
28°C Djibouti
56%
27.15°C Seychelles
40%
No matching quizzes found
Score Distribution
Percent of People with Each Score
Percentile by Number Answered
Your Score History
You have not taken this quiz